书目信息 |
| 题名: |
物业管理常见法律问题及纠纷解决法条速查与文书范本
|
|
| 作者: | ;法律出版社 编 | |
| 分册: | ||
| 出版信息: | 北京 法律出版社 2018 |
|
| 页数: | 367页 | |
| 开本: | 23cm | |
| 丛书名: | ||
| 单 册: | ||
| 中图分类: | D922.181 , D926.13 | |
| 科图分类: | ||
| 主题词: | 物业管理--法规--基本知识--中国 , 物业管理--法规--法律文书--范文--中国 | |
| 电子资源: | ||
| ISBN: | 978-7-5197-1762-9 | |
| 000 | 01074nam0 2200277 450 | |
| 001 | 012001002610 | |
| 005 | 20180926155816.68 | |
| 010 | @a978-7-5197-1762-9@dCNY56.00 | |
| 100 | @a20180612d2018 em y0chiy50 ea | |
| 101 | 0 | @achi |
| 102 | @aCN@b110000 | |
| 105 | @ay zn 001yy | |
| 106 | @ar | |
| 200 | 1 | @a物业管理常见法律问题及纠纷解决法条速查与文书范本@9wu ye guan li chang jian fa lv wen ti ji jiu fen jie jue fa tiao su cha yu wen shu fan ben@f法律出版社法规中心编 |
| 205 | @a2版 | |
| 210 | @a北京@c法律出版社@d2018 | |
| 215 | @a367页@d23cm | |
| 300 | @a法条速查文书范本系列 07 | |
| 330 | @a本书根据物业管理常见法律问题,收录现行有效的相关法律法规和常用文书范本,并予以精要解读。全书分为总则、业主及业主大会、前期物业管理、物业管理服务、物业的使用与维护、法律责任等。 | |
| 606 | 0 | @a物业管理@x法规@x基本知识@y中国 |
| 606 | 0 | @a物业管理@x法规@x法律文书@x范文@y中国 |
| 690 | @aD922.181@v5 | |
| 690 | @aD926.13@v5 | |
| 711 | 02 | @a法律出版社@9fa lv chu ban she@b法规中心@4编 |
| 801 | 0 | @aCN@b上海新华@c20180901 |
| 905 | @b1161168-72@dD922.181@e1942=2@f5 | |
| 物业管理常见法律问题及纠纷解决法条速查与文书范本/法律出版社法规中心编.-2版.-北京:法律出版社,2018 |
| 367页;23cm |
| 法条速查文书范本系列 07 |
| ISBN 978-7-5197-1762-9:CNY56.00 |
| 本书根据物业管理常见法律问题,收录现行有效的相关法律法规和常用文书范本,并予以精要解读。全书分为总则、业主及业主大会、前期物业管理、物业管理服务、物业的使用与维护、法律责任等。 |
| ● |
| 相关链接 |
|
|
|
|
正题名:物业管理常见法律问题及纠纷解决法条速查与文书范本
索取号:D922.181/1942=2
 
预约/预借
| 序号 | 登录号 | 条形码 | 馆藏地/架位号 | 状态 | 备注 |
| 1 | 1161168 | 211611683 | 第一样本阅览室/ [索取号:D922.181/1942=2] | 在馆 | |
| 2 | 1161169 | 211611692 | 第一借阅区/ [索取号:D922.181/1942=2] | 在馆 | |
| 3 | 1161170 | 211611709 | 第一借阅区/ [索取号:D922.181/1942=2] | 在馆 | |
| 4 | 1161171 | 211611718 | 第一借阅区/ [索取号:D922.181/1942=2] | 在馆 | |
| 5 | 1161172 | 211611727 | 密集书库-史法系/ [索取号:D922.181/1942=2] | 在馆 |